Bosquejo de una psicología basada en la experiencia /
Furkejuvvon:
| Váldodahkki: | |
|---|---|
| Materiálatiipa: | Girji |
| Giella: | espánnjágiella |
| Almmustuhtton: |
Madrid, España :
Daniel Jorro,
1926, c1926
|
| Preanttus: | Nueva ed. |
| Ráidu: | (Biblioteca Internacional de Psicología Experimental, Normal y Patológica)
|
| Fáttát: | |
| Fáddágilkorat: |
Eai fáddágilkorat, Lasit vuosttaš fáddágilkora!
|
MARC
| LEADER | 00000nam^a2200000^a^4500 | ||
|---|---|---|---|
| 001 | 000298553 | ||
| 005 | 20250521000000.0 | ||
| 009 | 20260310112413.031 | ||
| 037 | |a Acervo Xavier Clavigero | ||
| 041 | |a ESP | ||
| 082 | |a 150. |b HOF | ||
| 100 | |a Höffding, Harald |e (autor) | ||
| 240 | 1 | 1 | |a [Bosquejo de una psicología basada en la experiencia] |
| 245 | 1 | 0 | |a Bosquejo de una psicología basada en la experiencia / |c H. Höffding ; ed. de Santos Rubiano. |
| 250 | |a Nueva ed. |b rev. | ||
| 264 | 4 | |a Madrid, España : |b Daniel Jorro, |c 1926, c1926 | |
| 300 | |a VIII, 583 p. | ||
| 336 | |a texto |b txt |2 rdacontenido | ||
| 337 | |a sin mediación |b n |2 rdamedio | ||
| 338 | |a volumen |b nc |2 rdasoporte | ||
| 440 | 1 | |a (Biblioteca Internacional de Psicología Experimental, Normal y Patológica) | |
| 649 | |a XX | ||
| 650 | |a Alma y Cuerpo | ||
| 650 | |a Conciencia | ||
| 650 | |a Inconsciente | ||
| 650 | |a Psicología Cognitiva | ||
| 650 | |a Voluntad | ||
| 650 | |a Espacio y Tiempo | ||
| 650 | |a Percepción | ||
| 650 | |a Sentidos y Sensaciones | ||
| 650 | |a Emoción | ||
| 650 | |a Psicología - |x Metodología | ||
| 650 | |a Psicología - |x Teoría - |x Generalidades - |x Tema Principal | ||
| 910 | |a Fondo General | ||
| 920 | |a Impresos - Libros | ||
| 930 | |a Colección General | ||
| 905 | |a 101 | ||
| 901 | |a 001078 |b IT1 |c ACC |u 20250521 | ||
| 902 | |a https://opac.biblio.iteso.mx/vufind/Record/000298553 | ||